Austria Law Articles in English

Detalles Bibliográficos
Formato: Seriadas
Lenguaje:inglés
Publicado: [s.l.] : Mondaq, 2001 -
Materias:
Acceso en línea:Acceso restringido

MARC

LEADER 00000nas a22000007a 4500
005 20111129150811.0
007 cr|||| ||||
008 111129c20119999au |||| s|||| 0|||a1eng d
035 |a 1917 
040 |a vLex 
090 |c 2807  |d 2807 
245 0 0 |a Austria Law Articles in English  |h [Recurso electrn̤ico] 
256 |a Servicio en ln̕ea 
260 |a [s.l.] :  |b Mondaq,  |c 2001 - 
300 |a 1 recurso electrn̤ico 
506 1 |a Contenido solo disponible en los productos indicados  |d vLex Global   |d vLex Global (Academic Edition, excluding Law Schools)   |d vLex Global (U.S. Academic Edition, Law Schools)   |d vLex Global (U.S. Academic Edition, excluding Law Schools)   |d vLex Global (Academic Edition, Law Schools)  
650 0 4 |a Derecho  |v Revistas  |z Austria 
740 0 |a vLex Revistas (Servicio en ln̕ea) 
856 4 0 |u http://vlex.com/source/austria-law-articles-1917  |z Acceso restringido 
942 |c REV